[Event "Turkish Club Cup 2019"]
[Site "Konya"]
[Date "2019.07.18"]
[Round "4"]
[White "Bozdemir, Yusuf"]
[Black "Kara, Ali Barkin"]
[Result "0-1"]
[WhiteElo "1637"]
[BlackElo "1749"]
[Annotator "NA"]
[PlyCount "100"]
[EventDate "2019.07.16"]
[EventType "team-tourn"]
[EventCountry "TUR"]
[SourceTitle "playchess.com"]
[Source "ChessBase"]
[SourceQuality "1"]
[TimeControl "5400+30"]

1. d4 {[%emt 0:00:30]} Nf6 {[%emt 0:00:30]} 2. Nf3 {[%emt 0:00:00]} g6 {[%emt 0:00:30]} 3. Bf4 {[%emt 0:00:00]} Bg7 {[%emt 0:00:30]} 4. e3 {[%emt 0:00:30]} d6 {[%emt 0:00:00]} 5. h3 {[%emt 0:00:00]} O-O {[%emt 0:00:00]} 6. Be2 {[%emt 0:00:00]} c5 {[%emt 0:00:00]} 7. c3 {[%emt 0:00:00]} b6 {[%emt 0:00:00]} 8. O-O {[%emt 0:00:00]} Bb7 {[%emt 0:00:00]} 9. a4 {[%emt 0:00:30]} a6 {[%emt 0:00:00]} 10. Nbd2 {[%emt 0:00:30]} Nbd7 {[%emt 0:00:00]} 11. Qb3 {[%emt 0:05:30]} Qc7 {[%emt 0:04:00]} 12. Bh2 {[%emt 0:00:30]} Rac8 {[%emt 0:01:30]} 13. Rfd1 {[%emt 0:04:30]} Rfe8 {[%emt 0:05:30]} 14. Bc4 {[%emt 0:02:30]} e6 {[%emt 0:04:30]} 15. Ng5 {[%emt 0:25:30]} Qc6 {[%emt 0:01:30]} 16. Bf1 {[%emt 0:01:30]} h6 {[%emt 0:02:30]} 17. Ngf3 {[%emt 0:00:30]} d5 {[%emt 0:00:30]} 18. Ne5 {[%emt 0:01:30]} Nxe5 {[%emt 0:00:30]} 19. Bxe5 {[%emt 0:00:00]} c4 {[%emt 0:07:30]} 20. Qc2 {[%emt 0:03:00]} Nd7 {[%emt 0:08:30]} 21. Bxg7 {[%emt 0:00:30]} Kxg7 {[%emt 0:00:00]} 22. e4 {[%emt 0:01:30]} dxe4 {[%emt 0:03:00]} 23. Nxc4 {[%emt 0:00:30]} Qd5 {[%emt 0:01:30]} 24. Ne3 {[%emt 0:03:30]} Qg5 {[%emt 0:03:30]} 25. Qd2 {[%emt 0:04:30]} Red8 {[%emt 0:04:30]} 26. Ng4 {[%emt 0:01:30]} Qh4 {[%emt 0:05:30]} 27. g3 {[%emt 0:08:30]} Qh5 {[%emt 0:00:30]} 28. Qf4 {[%emt 0:00:30]} f5 {[%emt 0:05:30]} 29. Ne5 {[%emt 0:05:30]} g5 {[%emt 0:02:30]} 30. g4 {[%emt 0:02:30]} Qe8 {[%emt 0:00:30]} 31. Qh2 {[%emt 0:00:30]} f4 {[%emt 0:01:30]} 32. h4 {[%emt 0:01:30]} Nxe5 {[%emt 0:00:30]} 33. dxe5 {[%emt 0:00:00]} Rd5 {[%emt 0:02:30]} 34. hxg5 {[%emt 0:01:00]} hxg5 {[%emt 0:00:30]} 35. Qh5 {[%emt 0:00:30]} Qe7 {[%emt 0:00:00]} 36. Rxd5 {[%emt 0:01:30]} exd5 {[%emt 0:00:00]} 37. e6 {[%emt 0:01:30]} Rh8 {[%emt 0:00:30]} 38. Qf7+ {[%emt 0:00:00]} Qxf7 {[%emt 0:00:30]} 39. exf7 {[%emt 0:00:00]} Kxf7 {[%emt 0:00:00]} 40. f3 {[%emt 0:00:00]} Rh4 {[%emt 0:01:00]} 41. Bg2 {[%emt 0:00:00]} e3 {[%emt 0:00:30]} 42. a5 {[%emt 0:01:30]} b5 {[%emt 0:00:00]} 43. Rd1 {[%emt 0:01:30]} Ke6 {[%emt 0:00:00]} 44. Rd4 {[%emt 0:00:30]} Ke5 {[%emt 0:00:30]} 45. Bf1 {[%emt 0:00:30]} Bc8 {[%emt 0:00:30]} 46. Kg2 {[%emt 0:00:30]} Bxg4 {[%emt 0:02:30]} 47. fxg4 {[%emt 0:00:30]} Rxg4+ {[%emt 0:00:30]} 48. Kf3 {[%emt 0:00:30]} Rg1 {[%emt 0:00:30]} 49. Rd1 {[%emt 0:01:30]} g4+ {[%emt 0:01:30]} 50. Ke2 {[%emt 0:00:30]} g3 {[%emt 0:00:30]} 0-1

[Event "Turkish Club Cup 2019"]
[Site "Konya"]
[Date "2019.07.18"]
[Round "4"]
[White "Yildirim, Yasin"]
[Black "Guder, Serkan"]
[Result "1/2-1/2"]
[WhiteElo "1619"]
[BlackElo "1872"]
[Annotator "NA RC"]
[PlyCount "93"]
[EventDate "2019.07.16"]
[EventType "team-tourn"]
[EventCountry "TUR"]
[SourceTitle "playchess.com"]
[Source "ChessBase"]
[SourceQuality "1"]
[TimeControl "5400+30"]

1. d4 {[%emt 0:00:30]} g6 {[%emt 0:01:30]} 2. e4 {[%emt 0:00:30]} Bg7 {[%emt 0:00:30]} 3. Nc3 {[%emt 0:00:00]} c5 {[%emt 0:01:30]} 4. Nf3 {[%emt 0:06:00]} cxd4 {[%emt 0:01:30]} 5. Nxd4 {[%emt 0:00:30]} Nc6 {[%emt 0:00:00]} 6. Be3 {[%emt 0:00:00]} d6 {[%emt 0:00:00]} 7. Qd2 {[%emt 0:03:00]} Nf6 {[%emt 0:01:30]} 8. f3 {[%emt 0:00:30]} Bd7 {[%emt 0:00:30]} 9. O-O-O {[%emt 0:02:30]} Rc8 {[%emt 0:01:30]} 10. Nxc6 {[%emt 0:13:30]} Bxc6 {[%emt 0:00:30]} 11. e5 {[%emt 0:00:30]} dxe5 {[%emt 0:01:30]} 12. Qxd8+ {[%emt 0:02:30]} Rxd8 {[%emt 0:00:30]} 13. Rxd8+ {[%emt 0:00:30]} Kxd8 {[%emt 0:00:00]} 14. Bxa7 {[%emt 0:04:30]} Bh6+ {[%emt 0:04:00]} 15. Kb1 {[%emt 0:01:30]} e4 {[%emt 0:00:30]} 16. Bb6+ {[%emt 0:00:30]} Kc8 {[%emt 0:00:30]} 17. fxe4 {[%emt 0:03:30]} Nxe4 {[%emt 0:00:30]} 18. Nxe4 {[%emt 0:00:30]} Bxe4 {[%emt 0:00:00]} 19. Bc4 {[%emt 0:09:30]} Bxg2 {[%emt 0:22:00]} 20. Rg1 {[%emt 0:01:30]} Be4 {[%emt 0:01:30]} 21. Bxf7 {[%emt 0:00:30]} Bf5 {[%emt 0:07:30]} 22. b4 {[%emt 0:06:30]} e6 {[%emt 0:02:30]} 23. Rd1 {[%emt 0:02:30]} Bf4 {[%emt 0:06:30]} 24. Bc5 {[%emt 0:09:30]} Rd8 {[%emt 0:02:30]} 25. Re1 {[%emt 0:06:30]} Kc7 {[%emt 0:01:30]} 26. Re2 {[%emt 0:09:49]} b6 {[%emt 0:04:30]} 27. Bf2 {[%emt 0:02:29]} Rf8 {[%emt 0:15:30]} 28. Bxe6 {[%emt 0:01:58]} Re8 {[%emt 0:00:00]} 29. Bc4 {[%emt 0:00:41]} Rxe2 {[%emt 0:00:00]} 30. Bxe2 {[%emt 0:00:00]} Bxh2 {[%emt 0:00:30]} 31. a4 {[%emt 0:03:10]} g5 {[%emt 0:00:30]} 32. Bf3 {[%emt 0:01:33]} g4 {[%emt 0:00:30]} 33. Bg2 {[%emt 0:00:04]} Bd7 {[%emt 0:04:30]} 34. b5 {[%emt 0:01:32]} Bc8 {[%emt 0:00:30]} 35. c4 {[%emt 0:08:11]} Bb7 {[%emt 0:00:34]} 36. Bxb7 {[%emt 0:00:46]} Kxb7 {[%emt 0:00:30]} 37. Kc2 {[%emt 0:00:30]} g3 {[%emt 0:00:30]} 38. Be3 {[%emt 0:00:30]} g2 {[%emt 0:00:30]} 39. c5 {[%emt 0:00:30]} bxc5 {[%emt 0:00:30]} 40. Bxc5 {[%emt 0:00:30]} Bc7 {[%emt 0:00:30]} 41. Bg1 {[%emt 0:00:30]} h5 {[%emt 0:00:30]} 42. Kd3 {[%emt 0:00:30]} h4 {[%emt 0:00:30]} 43. Ke2 {[%emt 0:00:30]} h3 {[%emt 0:00:30]} 44. Kf3 {[%emt 0:00:30]} Bd6 {[%emt 0:00:30]} 45. a5 {[%emt 0:00:00]} h2 {[%emt 0:07:44]} 46. Kxg2 {[%emt 0:00:00]} hxg1=Q+ {[%emt 0:00:41]} 47. Kxg1 {[%emt 0:00:00]} 1/2-1/2

[Event "Turkish Club Cup 2019"]
[Site "Konya"]
[Date "2019.07.18"]
[Round "4"]
[White "Canakay, Ahmet"]
[Black "Memis, Furkan"]
[Result "0-1"]
[WhiteElo "1583"]
[BlackElo "1691"]
[Annotator "NA"]
[PlyCount "53"]
[EventDate "2019.07.16"]
[EventType "team-tourn"]
[EventCountry "TUR"]
[SourceTitle "playchess.com"]
[Source "ChessBase"]
[SourceQuality "1"]
[TimeControl "5400+30"]

1. e4 {[%emt 0:00:30]} c6 {[%emt 0:00:30]} 2. d4 {[%emt 0:00:30]} d5 {[%emt 0:00:00]} 3. Nc3 {[%emt 0:01:30]} dxe4 {[%emt 0:04:00]} 4. Nxe4 {[%emt 0:00:30]} Nd7 {[%emt 0:02:30]} 5. Nf3 {[%emt 0:06:30]} Ngf6 {[%emt 0:00:00]} 6. Ng3 {[%emt 0:00:30]} e6 {[%emt 0:01:00]} 7. Bd3 {[%emt 0:03:30]} Bd6 {[%emt 0:02:30]} 8. Qe2 {[%emt 0:00:30]} O-O {[%emt 0:00:30]} 9. O-O {[%emt 0:00:30]} Qc7 {[%emt 0:01:30]} 10. Re1 {[%emt 0:02:30]} b6 {[%emt 0:06:30]} 11. Ne5 {[%emt 0:02:30]} c5 {[%emt 0:27:30]} 12. Nxd7 {[%emt 0:07:30]} Qxd7 {[%emt 0:07:30]} 13. Bg5 {[%emt 0:01:30]} Nd5 {[%emt 0:07:30]} 14. c4 {[%emt 0:24:30]} Nb4 {[%emt 0:00:30]} 15. Bxh7+ {[%emt 0:13:30]} Kxh7 {[%emt 0:00:30]} 16. Qh5+ {[%emt 0:00:00]} Kg8 {[%emt 0:00:30]} 17. Bf6 {[%emt 0:00:00]} Bf4 {[%emt 0:04:30]} 18. Qg4 {[%emt 0:09:30]} Bh6 {[%emt 0:00:30]} 19. Re4 {[%emt 0:00:30]} e5 {[%emt 0:07:30]} 20. Qh4 {[%emt 0:02:30]} Qe6 {[%emt 0:01:30]} 21. Bxe5 {[%emt 0:04:08]} Qg6 {[%emt 0:03:47]} 22. f4 {[%emt 0:05:16]} f5 {[%emt 0:02:15]} 23. Re2 {[%emt 0:01:52]} cxd4 {[%emt 0:00:24]} 24. Bxd4 {[%emt 0:00:27]} Nd3 {[%emt 0:01:18]} 25. Rf1 {[%emt 0:04:56]} Bb7 {[%emt 0:01:42]} 26. Re7 {[%emt 0:00:06]} Be4 {[%emt 0:00:37]} 27. Nh5 {[%emt 0:01:18]} 0-1

[Event "Turkish Club Cup 2019"]
[Site "Konya"]
[Date "2019.07.18"]
[Round "4"]
[White "Alev, Gonulden Seda"]
[Black "Kilic, Gulseren"]
[Result "1-0"]
[WhiteElo "1579"]
[BlackElo "1422"]
[Annotator "NA RC"]
[PlyCount "95"]
[EventDate "2019.07.16"]
[EventType "team-tourn"]
[EventCountry "TUR"]
[SourceTitle "playchess.com"]
[Source "ChessBase"]
[SourceQuality "1"]
[TimeControl "5400+30"]

1. e4 {[%emt 0:00:30]} c5 {[%emt 0:00:30]} 2. b3 {[%emt 0:00:00]} Nc6 {[%emt 0:00:30]} 3. Bb2 {[%emt 0:00:00]} e6 {[%emt 0:00:30]} 4. Nf3 {[%emt 0:03:30]} d5 {[%emt 0:01:30]} 5. exd5 {[%emt 0:02:30]} exd5 {[%emt 0:00:30]} 6. d4 {[%emt 0:00:30]} Nf6 {[%emt 0:01:30]} 7. Be2 {[%emt 0:06:30]} Be7 {[%emt 0:00:30]} 8. O-O {[%emt 0:08:30]} O-O {[%emt 0:01:30]} 9. Nc3 {[%emt 0:05:30]} Bg4 {[%emt 0:08:30]} 10. dxc5 {[%emt 0:10:30]} Bxc5 {[%emt 0:00:30]} 11. Qd2 {[%emt 0:01:30]} Re8 {[%emt 0:05:30]} 12. Rad1 {[%emt 0:13:30]} Ne4 {[%emt 0:07:30]} 13. Nxe4 {[%emt 0:01:30]} Rxe4 {[%emt 0:21:30]} 14. Qc3 {[%emt 0:08:30]} Bf8 {[%emt 0:16:30]} 15. Bc4 {[%emt 0:12:30]} d4 {[%emt 0:05:30]} 16. Qd2 {[%emt 0:11:31]} Bxf3 {[%emt 0:02:30]} 17. gxf3 {[%emt 0:00:11]} Rh4 {[%emt 0:00:00]} 18. f4 {[%emt 0:06:50]} Bd6 {[%emt 0:11:27]} 19. f3 {[%emt 0:04:17]} Bxf4 {[%emt 0:01:19]} 20. Qg2 {[%emt 0:00:40]} Bxh2+ {[%emt 0:06:28]} 21. Kf2 {[%emt 0:00:42]} Bf4 {[%emt 0:00:06]} 22. Rh1 {[%emt 0:00:16]} Rxh1 {[%emt 0:02:31]} 23. Rxh1 {[%emt 0:00:22]} Qe7 {[%emt 0:00:51]} 24. Re1 {[%emt 0:00:55]} Qh4+ {[%emt 0:00:34]} 25. Kf1 {[%emt 0:00:24]} Qg3 {[%emt 0:01:53]} 26. Qe2 {[%emt 0:00:34]} Be3 {[%emt 0:00:49]} 27. Qg2 {[%emt 0:00:56]} Qxg2+ {[%emt 0:00:30]} 28. Kxg2 {[%emt 0:00:00]} Rd8 {[%emt 0:00:19]} 29. Re2 {[%emt 0:00:39]} h5 {[%emt 0:00:44]} 30. c3 {[%emt 0:00:40]} dxc3 {[%emt 0:00:56]} 31. Bxc3 {[%emt 0:00:03]} Bc5 {[%emt 0:00:23]} 32. Kg3 {[%emt 0:00:51]} Nd4 {[%emt 0:00:55]} 33. Re4 {[%emt 0:00:35]} Nf5+ {[%emt 0:00:24]} 34. Kf4 {[%emt 0:00:29]} Nd6 {[%emt 0:00:25]} 35. Re5 {[%emt 0:00:29]} Nxc4 {[%emt 0:00:19]} 36. Rxc5 {[%emt 0:00:09]} Na3 {[%emt 0:01:18]} 37. Bb2 {[%emt 0:01:17]} Nb1 {[%emt 0:00:30]} 38. Rc1 {[%emt 0:00:08]} Nd2 {[%emt 0:01:06]} 39. Rd1 {[%emt 0:00:30]} g5+ {[%emt 0:00:02]} 40. Kf5 {[%emt 0:00:31]} Rd5+ {[%emt 0:00:06]} 41. Be5 {[%emt 0:00:26]} h4 {[%emt 0:00:40]} 42. f4 {[%emt 0:00:31]} f6 {[%emt 0:00:47]} 43. Ke6 {[%emt 0:00:24]} Rxe5+ {[%emt 0:00:34]} 44. fxe5 {[%emt 0:00:09]} Ne4 {[%emt 0:00:57]} 45. exf6 {[%emt 0:00:13]} h3 {[%emt 0:00:05]} 46. f7+ {[%emt 0:00:30]} Kg7 {[%emt 0:00:08]} 47. Rd8 {[%emt 0:00:22]} Nc5+ {[%emt 0:00:51]} 48. Ke7 {[%emt 0:00:28]} 1-0

[Event "Turkish Club Cup 2019"]
[Site "Konya"]
[Date "2019.07.18"]
[Round "4"]
[White "Metin, Enis"]
[Black "Kul, Ozdemir Efe"]
[Result "1-0"]
[WhiteElo "1538"]
[BlackElo "1974"]
[Annotator "NA"]
[PlyCount "67"]
[EventDate "2019.07.16"]
[EventType "team-tourn"]
[EventCountry "TUR"]
[SourceTitle "playchess.com"]
[Source "ChessBase"]
[SourceQuality "1"]
[TimeControl "5400+30"]

1. e4 {[%emt 0:00:30]} g6 {[%emt 0:00:30]} 2. d4 {[%emt 0:00:00]} Bg7 {[%emt 0:00:30]} 3. Bc4 {[%emt 0:02:00]} d6 {[%emt 0:00:30]} 4. Nf3 {[%emt 0:00:30]} a6 {[%emt 0:00:30]} 5. a4 {[%emt 0:03:30]} e6 {[%emt 0:00:30]} 6. Nc3 {[%emt 0:00:30]} b6 {[%emt 0:00:30]} 7. O-O {[%emt 0:00:30]} Bb7 {[%emt 0:00:30]} 8. Be3 {[%emt 0:02:30]} h6 {[%emt 0:01:30]} 9. h3 {[%emt 0:01:30]} Nd7 {[%emt 0:00:30]} 10. Qd2 {[%emt 0:04:30]} Ne7 {[%emt 0:02:30]} 11. Rfe1 {[%emt 0:01:30]} Nf6 {[%emt 0:03:30]} 12. Bf4 {[%emt 0:02:30]} g5 {[%emt 0:04:30]} 13. Bh2 {[%emt 0:00:30]} Ng6 {[%emt 0:06:30]} 14. e5 {[%emt 0:01:30]} Nh5 {[%emt 0:13:30]} 15. exd6 {[%emt 0:13:30]} Bxf3 {[%emt 0:08:30]} 16. dxc7 {[%emt 0:00:30]} Qd7 {[%emt 0:06:30]} 17. Qd3 {[%emt 0:03:30]} Nh4 {[%emt 0:10:30]} 18. gxf3 {[%emt 0:07:30]} O-O {[%emt 0:02:30]} 19. Bxa6 {[%emt 0:06:30]} Rxa6 {[%emt 0:04:30]} 20. Qxa6 {[%emt 0:00:30]} Nxf3+ {[%emt 0:00:30]} 21. Kg2 {[%emt 0:00:30]} Nxh2 {[%emt 0:01:30]} 22. Kxh2 {[%emt 0:00:00]} Qxc7+ {[%emt 0:02:30]} 23. Kg1 {[%emt 0:02:00]} Bxd4 {[%emt 0:00:30]} 24. Qd3 {[%emt 0:00:30]} Qf4 {[%emt 0:08:30]} 25. Ne4 {[%emt 0:02:30]} Rd8 {[%emt 0:01:59]} 26. Qe2 {[%emt 0:06:30]} Ng7 {[%emt 0:02:36]} 27. Rad1 {[%emt 0:04:30]} Rd5 {[%emt 0:00:49]} 28. Qg4 {[%emt 0:08:30]} Qxg4+ {[%emt 0:01:50]} 29. hxg4 {[%emt 0:00:30]} Bxb2 {[%emt 0:00:07]} 30. Rb1 {[%emt 0:00:00]} Bd4 {[%emt 0:00:49]} 31. c3 {[%emt 0:00:00]} Bc5 {[%emt 0:00:59]} 32. Nf6+ {[%emt 0:00:30]} Kf8 {[%emt 0:00:19]} 33. Nxd5 {[%emt 0:00:00]} exd5 {[%emt 0:00:00]} 34. a5 {[%emt 0:01:00]} 1-0

[Event "Turkish Club Cup 2019"]
[Site "Konya"]
[Date "2019.07.18"]
[Round "4"]
[White "Tuncer, Duru"]
[Black "Koyuncu, Haticesu"]
[Result "1/2-1/2"]
[WhiteElo "1520"]
[BlackElo "1454"]
[Annotator "NA RC"]
[PlyCount "73"]
[EventDate "2019.07.16"]
[EventType "team-tourn"]
[EventCountry "TUR"]
[SourceTitle "playchess.com"]
[Source "ChessBase"]
[SourceQuality "1"]
[TimeControl "5400+30"]

1. e4 e6 2. d4 d5 3. Nd2 dxe4 4. Nxe4 Nd7 5. Nf3 Ngf6 6. Nxf6+ Nxf6 7. Bg5 Be7 8. Bd3 O-O 9. O-O b6 10. c3 Bb7 11. Ne5 h6 12. Bh4 a6 13. f3 Nd7 14. Bxe7 Qxe7 15. Qe2 Nxe5 16. Qxe5 Rfd8 17. Be4 Bd5 18. Rfd1 Qd6 19. Qxd6 Rxd6 20. c4 Bxe4 21. fxe4 Rad8 22. d5 exd5 23. Rxd5 Kf8 24. Rad1 Ke7 25. Kf2 f6 26. Ke3 c6 27. Rxd6 Rxd6 28. Rxd6 Kxd6 29. Kf4 Ke6 30. g4 g5+ 31. Ke3 c5 32. b3 Ke5 33. h3 Ke6 34. Kd3 Kd6 35. a3 a5 36. a4 Ke6 37. Ke2 1/2-1/2

[Event "Turkish Club Cup 2019"]
[Site "Konya"]
[Date "2019.07.18"]
[Round "4"]
[White "Akyildiz, Alptug"]
[Black "Senturk, Necaattin"]
[Result "1/2-1/2"]
[WhiteElo "1515"]
[BlackElo "1704"]
[Annotator "NA RC"]
[PlyCount "109"]
[EventDate "2019.07.16"]
[EventType "team-tourn"]
[EventCountry "TUR"]
[SourceTitle "playchess.com"]
[Source "ChessBase"]
[SourceQuality "1"]
[TimeControl "5400+30"]

1. d4 {[%emt 0:00:30]} d5 {[%emt 0:01:30]} 2. c4 {[%emt 0:00:00]} dxc4 {[%emt 0:00:30]} 3. Nc3 {[%emt 0:00:00]} Nf6 {[%emt 0:00:30]} 4. e3 {[%emt 0:00:30]} e6 {[%emt 0:00:30]} 5. Bxc4 {[%emt 0:00:30]} a6 {[%emt 0:00:30]} 6. Nf3 {[%emt 0:01:30]} b5 {[%emt 0:00:30]} 7. Bd3 {[%emt 0:01:30]} Bb7 {[%emt 0:10:30]} 8. O-O {[%emt 0:05:30]} c5 {[%emt 0:01:30]} 9. Re1 {[%emt 0:06:30]} Nbd7 {[%emt 0:01:30]} 10. a3 {[%emt 0:04:30]} Be7 {[%emt 0:15:30]} 11. Bd2 {[%emt 0:04:30]} Rc8 {[%emt 0:02:30]} 12. Rc1 {[%emt 0:00:30]} O-O {[%emt 0:00:30]} 13. Qe2 {[%emt 0:00:30]} Qb6 {[%emt 0:01:30]} 14. Bb1 {[%emt 0:10:30]} Rfd8 {[%emt 0:00:30]} 15. Rcd1 {[%emt 0:06:30]} cxd4 {[%emt 0:07:30]} 16. Nxd4 {[%emt 0:04:30]} Ne5 {[%emt 0:01:30]} 17. Nf3 {[%emt 0:04:30]} Nc4 {[%emt 0:07:30]} 18. Bc1 {[%emt 0:04:30]} Nxa3 {[%emt 0:05:30]} 19. bxa3 {[%emt 0:05:30]} Rxc3 {[%emt 0:00:30]} 20. Bb2 {[%emt 0:00:30]} Rcc8 {[%emt 0:00:30]} 21. Rxd8+ {[%emt 0:01:30]} Rxd8 {[%emt 0:00:00]} 22. Rc1 {[%emt 0:01:30]} Qa5 {[%emt 0:02:00]} 23. Qc2 {[%emt 0:04:30]} Be4 {[%emt 0:00:30]} 24. Qb3 {[%emt 0:07:30]} Bxb1 {[%emt 0:01:30]} 25. Rxb1 {[%emt 0:00:30]} Ne4 {[%emt 0:00:00]} 26. g3 {[%emt 0:07:14]} Nd2 {[%emt 0:01:00]} 27. Nxd2 {[%emt 0:00:10]} Qxd2 {[%emt 0:00:30]} 28. Bc3 {[%emt 0:01:07]} Qd5 {[%emt 0:00:30]} 29. Qb2 {[%emt 0:01:16]} Bf8 {[%emt 0:00:30]} 30. Bd4 {[%emt 0:01:25]} Rc8 {[%emt 0:01:30]} 31. Bc3 {[%emt 0:03:51]} Rc4 {[%emt 0:01:30]} 32. Bb4 {[%emt 0:00:40]} Qf5 {[%emt 0:01:30]} 33. Rc1 {[%emt 0:01:53]} Qd5 {[%emt 0:01:30]} 34. Rb1 {[%emt 0:04:42]} h5 {[%emt 0:06:30]} 35. Qe2 {[%emt 0:01:14]} Qf5 {[%emt 0:07:36]} 36. Rb2 {[%emt 0:02:29]} Qh3 {[%emt 0:05:27]} 37. Rc2 {[%emt 0:01:05]} Rxc2 {[%emt 0:03:35]} 38. Qxc2 {[%emt 0:00:04]} Bxb4 {[%emt 0:00:00]} 39. axb4 {[%emt 0:00:39]} Qg4 {[%emt 0:00:00]} 40. Qd2 {[%emt 0:00:35]} Qc4 {[%emt 0:00:22]} 41. f3 {[%emt 0:00:48]} Qc6 {[%emt 0:02:08]} 42. Kf2 {[%emt 0:00:12]} Qc4 {[%emt 0:00:19]} 43. Kg1 {[%emt 0:00:18]} Qb3 {[%emt 0:00:37]} 44. Kf2 {[%emt 0:00:52]} Qb1 {[%emt 0:00:07]} 45. Kg2 {[%emt 0:00:00]} Qb3 {[%emt 0:00:29]} 46. Kf2 {[%emt 0:00:13]} Qc4 {[%emt 0:00:32]} 47. Kg1 {[%emt 0:00:30]} g6 {[%emt 0:00:52]} 48. h4 {[%emt 0:01:19]} Qc6 {[%emt 0:03:48]} 49. Qd8+ {[%emt 0:00:19]} Kg7 {[%emt 0:00:43]} 50. Qd4+ {[%emt 0:00:08]} Kh7 {[%emt 0:00:00]} 51. e4 {[%emt 0:01:15]} Qc1+ {[%emt 0:01:20]} 52. Kf2 {[%emt 0:00:09]} Qc2+ {[%emt 0:00:40]} 53. Ke3 {[%emt 0:00:30]} Qc1+ {[%emt 0:00:50]} 54. Ke2 {[%emt 0:00:29]} Qc2+ {[%emt 0:00:47]} 55. Ke3 {[%emt 0:01:04]} 1/2-1/2

[Event "Turkish Club Cup 2019"]
[Site "Konya"]
[Date "2019.07.18"]
[Round "4"]
[White "Koc, Bugra Ege"]
[Black "Cevrin, Muhammed Cemre"]
[Result "1/2-1/2"]
[WhiteElo "1493"]
[BlackElo "1860"]
[Annotator "NA RC"]
[PlyCount "64"]
[EventDate "2019.07.16"]
[EventType "team-tourn"]
[EventCountry "TUR"]
[SourceTitle "playchess.com"]
[Source "ChessBase"]
[SourceQuality "1"]
[TimeControl "5400+30"]

1. d4 {[%emt 0:00:30]} Nf6 {[%emt 0:00:30]} 2. Nf3 {[%emt 0:00:30]} g6 {[%emt 0:00:00]} 3. g3 {[%emt 0:00:00]} Bg7 {[%emt 0:00:00]} 4. Bg2 {[%emt 0:00:00]} d5 {[%emt 0:00:00]} 5. O-O {[%emt 0:00:30]} O-O {[%emt 0:00:00]} 6. c4 {[%emt 0:00:00]} dxc4 {[%emt 0:00:30]} 7. Na3 {[%emt 0:00:00]} c3 {[%emt 0:00:30]} 8. bxc3 {[%emt 0:00:00]} c5 {[%emt 0:00:00]} 9. e3 {[%emt 0:00:00]} Nc6 {[%emt 0:08:00]} 10. Bb2 {[%emt 0:03:30]} Bf5 {[%emt 0:00:00]} 11. Qe2 {[%emt 0:01:30]} Be4 {[%emt 0:00:00]} 12. Rfd1 {[%emt 0:04:30]} Qa5 {[%emt 0:01:30]} 13. Nd2 {[%emt 0:15:30]} Bxg2 {[%emt 0:05:30]} 14. Kxg2 {[%emt 0:00:00]} cxd4 {[%emt 0:03:30]} 15. cxd4 {[%emt 0:00:00]} Rfd8 {[%emt 0:01:30]} 16. Nb3 {[%emt 0:14:30]} Qd5+ {[%emt 0:21:30]} 17. Qf3 Ne4 {[%emt 0:01:30]} 18. Nb5 {[%emt 0:45:32]} Qxb5 {[%emt 0:27:30]} 19. Qxe4 {[%emt 0:00:12]} e6 {[%emt 0:15:21]} 20. Rab1 {[%emt 0:02:30]} b6 {[%emt 0:04:26]} 21. Nd2 {[%emt 0:06:56]} Qa4 {[%emt 0:01:35]} 22. Nf3 {[%emt 0:01:44]} Ne7 {[%emt 0:05:01]} 23. a3 {[%emt 0:01:41]} Nd5 {[%emt 0:00:06]} 24. Rdc1 {[%emt 0:01:21]} Rac8 {[%emt 0:00:35]} 25. Ne5 {[%emt 0:00:53]} Rxc1 {[%emt 0:03:06]} 26. Rxc1 {[%emt 0:00:30]} Qb5 {[%emt 0:00:00]} 27. Qc2 {[%emt 0:00:11]} Bh6 {[%emt 0:00:25]} 28. Qb1 {[%emt 0:00:43]} Qe2 {[%emt 0:00:38]} 29. Re1 {[%emt 0:00:24]} Nxe3+ {[%emt 0:00:02]} 30. Kg1 {[%emt 0:00:26]} Qc2 {[%emt 0:01:11]} 31. fxe3 {[%emt 0:00:39]} Bxe3+ {[%emt 0:00:30]} 32. Kh1 {[%emt 0:00:11]} Qb3 {[%emt 0:00:20]} 1/2-1/2